000 00350 a2200121 4500
001 ART_12854
005 20260410161733.0
008 260409a
245 1 0 _aLos rigores del plan primavera
100 1 _aExpósito, David
700 1 _aSzewach, Enrique
773 0 _tEjecutivos de finanzas
_g- Año 7, Nº 53 (mar. 1989)
_wREV2863
999 _c18083
_d18083